000 00468nam a2200169 a 4500
001 0000-8953
003 ELIB.Books
008 110520 1993
035 _a(ELIB.Books)0000-9101
082 _a266
_bAnd
100 _aAnderson, Gerald H.
245 _aToward the Twenty-First Century in Christian Mission
260 _bGrand Rapids: Wm. B. Eerdmans Publishing Co.
_c1993
650 _aMission
942 _2ddc
_cBK
998 _cbat
_e2011-05-20
999 _c8953
_d8953